| 000 -ლიდერი |
| ფიქსირებული სიგრძის საკონტროლო ველი |
01247nam a2200253Ia 4500 |
| 001 - საკონტროლო ნომერი |
| საკონტროლო ველი |
23625 |
| 003 - საკონტროლო ნომრის იდენტიფიკატორი |
| საკონტროლო ველი |
GE_BSU |
| 005 - ბოლო ოპერაციის თარიღი და დრო |
| საკონტროლო ველი |
20260310164627.0 |
| 008 - ფიქსირებული სიგრძის მონაცემთა ელემენტები - ზოგადი ინფორმაცია |
| ფიქსირებული სიგრძის საკონტროლო ველი |
181216s1969||||ge |||||||||||||| ||geo|| |
| 040 ## - კატალოგიზაციის წყარო |
| Transcribing agency |
GE_BSU |
| 041 ## - ენის კოდი |
| Language code of text/sound track or separate title |
geo |
| 080 ## - უნივერსალური ათობითი კლასიფიკაციის ინდექსი |
| Universal Decimal Classification number |
94(479.22)"1795 ც-66 |
| 100 ## - მთავარი ჩანაწერი - პიროვნების სახელი |
| Personal name |
ცინცაძე, იასე |
| 9 (RLIN) |
27079 |
| 245 ## - ცნობა სათაურის შესახებ |
| Title |
აღა-მაჰმად-ხანის თავდასხმა საქართველოზე (1795 წელი) / |
| Statement of responsibility, etc |
იასე ცინცაძე ; რედ. : მ. ქანთარია ; მხატვ. : ღ. ზარაფიშვილი. |
| 264 ## - წარმოების, გამოცემის, დისტრიბუციის და სხვა ცნობები |
| გამოცემის, წარმოების, დისტრიბუციის... ადგილი |
თბილისი : |
| გამოცემის, წარმოების, დისტრიბუციის... სახელწოდება |
საბჭ. საქართველო, |
| გამოცემის, წარმოების, დისტრიბუციის... თარიღი |
1969. |
| 300 ## - ფიზიკური აღწერა |
| Extent |
277გვ. : |
| Other physical details |
1 ფ. პორტრ. 4 ფ. ; |
| Dimensions |
21 სმ. |
| 653 ## - INDEX TERM--UNCONTROLLED |
| Uncontrolled term |
აღა-მაჰმად-ხანის თავდასხმა საქართველოზე (1795 წელი) |
| 653 ## - INDEX TERM--UNCONTROLLED |
| Uncontrolled term |
ისტორია |
| 653 ## - INDEX TERM--UNCONTROLLED |
| Uncontrolled term |
კრწანისის ბრძოლა |
| 700 ## - ADDED ENTRY--PERSONAL NAME |
| Personal name |
ქანთარია, მ. |
| Relator term |
რედაქტორი |
| 9 (RLIN) |
4348 |
| 700 ## - ADDED ENTRY--PERSONAL NAME |
| Personal name |
ზარაფიშვილი, ღ. |
| Relator term |
მხატვარი |
| 9 (RLIN) |
27107 |
| 942 ## - ADDED ENTRY ELEMENTS (KOHA) |
| Koha item type |
წიგნი |
| Source of classification or shelving scheme |
|